[Event "Titled Tue 10th Jun Late"]
[Site "chess.com INT"]
[Date "2025.06.10"]
[Round "11"]
[White "Erigaisi, Arjun"]
[Black "Yeganegi, Barad"]
[Result "1-0"]
[WhiteTitle "GM"]
[BlackTitle "FM"]
[WhiteElo "2782"]
[BlackElo "2400"]
[WhiteFideId "35009192"]
[BlackFideId "42516340"]
[EventDate "2025.06.10"]

1. Nf3 d5 2. c4 c6 3. e3 Nf6 4. b3 g6 5. Bb2 Bg7 6. Be2 O-O 7. O-O Bg4 8. d4
Nbd7 9. Nbd2 Ne4 10. Nxe4 dxe4 11. Nd2 Bxe2 12. Qxe2 f5 13. f3 exf3 14. Nxf3 Nf6
15. Rad1 Ne4 16. d5 Bxb2 17. Qxb2 cxd5 18. Rxd5 Qb6 19. Nd4 Rad8 20. Rb5 Qa6 21.
Re5 Qf6 22. Re6 Qg7 23. b4 Ng5 24. Qe2 Nxe6 25. Nxe6 Qc3 26. Nxf8 Kxf8 27. g4
Rd2 28. Qf3 e6 29. gxf5 exf5 30. Qf4 Qxb4 31. Qc7 Qd6 32. Qxh7 Qf6 33. Qxb7 Qg5+
34. Kh1 Qxe3 35. Qc6 Kg7 36. Rg1 Qe4+ 37. Qxe4 fxe4 38. Re1 Rd4 39. c5 Rc4 40.
c6 Kf6 41. c7 Ke5 42. Rg1 Rxc7 43. Rxg6 e3 44. Kg2 Kf4 45. Rf6+ Ke4 46. h4 Rg7+
47. Kf1 Rg4 48. h5 Rh4 49. h6 Rh2 50. Kg1 Rh5 51. Kg2 Kd3 52. Kf3 Rh3+ 53. Kg4
Rh1 54. Rd6+ Ke2 55. Kg3 Ke1 56. a4 e2 57. Kg2 Rh5 58. a5 Rxa5 59. h7 Rg5+ 60.
Kf3 Rh5 61. Rd7 Kf1 62. Rf7 e1=Q 63. Kg4+ Kg2 64. Kxh5 Qh1+ 65. Kg6 Kg3 66. Kg7
Qa1+ 67. Rf6 Qc1 68. h8=Q Qc7+ 69. Kg6 Qc2+ 70. Rf5 Qc6+ 71. Qf6 Qe8+ 72. Kh6
Qe3+ 73. Qg5+ 1-0

[Event "Titled Tue 10th Jun Late"]
[Site "chess.com INT"]
[Date "2025.06.10"]
[Round "11"]
[White "Lesovoi, Evgenij"]
[Black "Manzone, Alessandro"]
[Result "1-0"]
[WhiteTitle "FM"]
[BlackTitle "FM"]
[WhiteElo "2234"]
[BlackElo "2397"]
[WhiteFideId "24164135"]
[BlackFideId "112488"]
[EventDate "2025.06.10"]

1. d4 Nf6 2. c4 e6 3. Nc3 Bb4 4. Qc2 d6 5. Nf3 Nbd7 6. e3 e5 7. Bd2 O-O 8. a3
Bxc3 9. Bxc3 e4 10. Nd2 Re8 11. Be2 d5 12. cxd5 Nb6 13. h3 Qxd5 14. Bb4 c6 15.
Qc5 Be6 16. Qxd5 Nbxd5 17. Bd6 h5 18. O-O Bf5 19. Rfc1 a5 20. Nb3 g6 21. Nc5 Bc8
22. Be5 Nd7 23. Nxe4 Nxe5 24. dxe5 Rxe5 25. Nd6 Re7 26. Bf3 Be6 27. h4 a4 28.
Ne4 Nb6 29. Nc5 Bd5 30. Bxd5 Nxd5 31. Rc4 b5 32. Rc2 Nb6 33. Nd3 Nc4 34. Nb4 Re6
35. g3 Rd8 36. Kg2 Kf8 37. Na6 Ke7 38. Nc5 Re5 39. Nxa4 Nxe3+ 40. fxe3 bxa4 41.
Kf3 Rd3 42. Re1 Rb3 43. Ree2 c5 44. Rc4 Rf5+ 45. Kg2 Re5 46. e4 Kd6 47. Rxa4 Kc6
48. Rc4 Kb5 49. Rcc2 f6 50. Rcd2 c4 51. Rd6 f5 52. Rxg6 Rxe4 53. Rf2 Kc5 54. Rg5
Kd4 55. Rgxf5 Rbe3 56. Rxh5 Re2 57. Rf5 Kd3 58. h5 Rxf2+ 59. Rxf2 1-0

[Event "Titled Tue 10th Jun Late"]
[Site "chess.com INT"]
[Date "2025.06.10"]
[Round "11"]
[White "Yazici, Ugur Doga"]
[Black "Garcia Hernandez, Rebeca"]
[Result "0-1"]
[WhiteTitle "CM"]
[BlackTitle "WCM"]
[WhiteElo "2161"]
[BlackElo "1904"]
[WhiteFideId "6363342"]
[BlackFideId "5180872"]
[EventDate "2025.06.10"]

1. e4 c5 2. Nf3 a6 3. Nc3 d6 4. g3 Nf6 5. Bg2 e6 6. O-O Be7 7. d4 cxd4 8. Nxd4
O-O 9. Re1 Qc7 10. h3 Bd7 11. a4 Nc6 12. Nxc6 Bxc6 13. Bf4 b6 14. e5 dxe5 15.
Bxe5 Qb7 16. Bxc6 Qxc6 17. Qe2 Rfd8 18. Rad1 Nd7 19. Bd4 Bc5 20. Qg4 Bxd4 21.
Qxd4 Qc7 22. Qd6 Qxd6 23. Rxd6 Kf8 24. Kg2 Ke7 25. Rc6 Rac8 26. Nd5+ Ke8 27.
Nc7+ Ke7 28. b4 Nb8 29. Rc3 Kd7 30. Rd1+ Ke7 31. Rxd8 Kxd8 32. Rd3+ Ke7 33. Rc3
Kd8 34. Rd3+ Ke7 35. Rc3 Kd7 36. Rd3+ Kxc7 37. c4 Kb7 38. Rf3 Rxc4 39. Rxf7+ Rc7
40. Rf3 e5 41. Re3 Re7 42. f4 Nc6 43. f5 Nxb4 44. g4 Nd5 45. Rd3 Kc6 46. Kf3 b5
47. Ke4 Nb6 48. Rd1 bxa4 49. Rc1+ Kb7 50. g5 a3 51. f6 gxf6 52. gxf6 Rf7 53.
Kxe5 Nd7+ 54. Ke6 Rxf6+ 55. Kxd7 a2 56. Ra1 Rf2 57. Ke6 Rh2 58. Kd5 Kb6 59. Kc4
Ka5 60. Kc5 Ka4 61. Kc4 Ka3 62. Kc3 a5 63. Kc4 a4 64. Kc3 Rxh3+ 65. Kc4 Kb2 66.
Rg1 a1=Q 67. Rxa1 Kxa1 0-1

[Event "Titled Tue 10th Jun Late"]
[Site "chess.com INT"]
[Date "2025.06.10"]
[Round "11"]
[White "Gomez Gonzales, Fabiana"]
[Black "Schracke, Guido"]
[Result "0-1"]
[WhiteTitle "WCM"]
[BlackTitle "CM"]
[WhiteElo "1796"]
[BlackElo "2138"]
[WhiteFideId "3860191"]
[BlackFideId "4637054"]
[EventDate "2025.06.10"]

1. e4 c5 2. Nf3 Nc6 3. Bb5 Na5 4. c3 a6 5. Ba4 b5 6. Bc2 Bb7 7. d4 cxd4 8. cxd4
d6 9. Nc3 g6 10. a3 Bg7 11. O-O Nf6 12. Re1 O-O 13. Bf4 Rc8 14. Qd3 Nd7 15. Rad1
Nc4 16. Bc1 e6 17. b3 Ncb6 18. Bb2 Qe7 19. d5 e5 20. h3 Rc7 21. Rc1 Rfc8 22. Bb1
Nc5 23. Qd1 h6 24. b4 Ncd7 25. Qb3 Nc4 26. Bd3 Ndb6 27. Bxc4 Nxc4 28. a4 bxa4
29. Nxa4 Nxb2 30. Qxb2 f5 31. Nb6 Rf8 32. Nd2 fxe4 33. Nxe4 Rf4 34. Qd2 Bf8 35.
Nc4 Qd8 36. g3 Rff7 37. Qd3 Bc8 38. Kg2 Bf5 39. Qe3 Kh7 40. Ned2 Qb8 41. g4 Bc8
42. Rb1 Rf4 43. Qd3 Bd7 44. Ne4 Bb5 45. Rec1 Qd8 46. Ned2 Rd4 47. Qe3 Bxc4 48.
Nxc4 Rdxc4 49. Rxc4 Rxc4 50. Qd3 Rd4 51. Qxa6 Be7 52. Qb7 Rc4 53. Qb5 Rc7 54.
Qd3 Qb8 55. b5 Qb6 56. f3 Rc5 57. Rb3 Bf6 58. Ra3 Qxb5 59. Ra7+ Bg7 60. Qd2 Rxd5
61. Qc2 Rc5 62. Qd2 Qc6 63. Kg3 d5 64. Qe3 Qd6 65. Rb7 e4+ 66. Kg2 exf3+ 67.
Kxf3 d4 0-1

[Event "Titled Tue 10th Jun Late"]
[Site "chess.com INT"]
[Date "2025.06.10"]
[Round "11"]
[White "Mullodzhanov, Nathaniel"]
[Black "Lin, Bryan Enming"]
[Result "0-1"]
[BlackTitle "FM"]
[WhiteElo "1927"]
[BlackElo "2343"]
[WhiteFideId "30961580"]
[BlackFideId "30987121"]
[EventDate "2025.06.10"]

1. e4 c5 2. Nf3 e6 3. c3 Nf6 4. e5 Nd5 5. d4 cxd4 6. cxd4 d6 7. Bc4 Be7 8. O-O
O-O 9. Qe2 a6 10. Rd1 Nd7 11. Nc3 N7b6 12. Bxd5 Nxd5 13. Nxd5 exd5 14. Bf4 dxe5
15. Bxe5 Bf5 16. Rac1 Re8 17. Qd2 Be4 18. Qc3 Rc8 19. Qe3 Qd7 20. Nd2 Bg6 21.
Nb3 Bc2 22. Rf1 f6 23. Bg3 Bb4 24. Qf3 b6 25. h3 a5 26. a3 a4 27. Na1 Be4 28.
Qf4 Bf8 29. Qd2 Qb5 30. Rc3 Rxc3 31. Qxc3 Qc4 32. Qd2 Rc8 33. Bf4 Qd3 34. Qxd3
Bxd3 35. Rd1 Bg6 36. g4 b5 37. Kf1 b4 38. axb4 Bxb4 39. Ke2 Bf8 40. f3 h6 41. h4
h5 42. g5 Rc6 43. gxf6 gxf6 44. Rg1 Kf7 45. Bd2 Be7 46. Rf1 Rb6 47. Bc3 Bb4 48.
Kd2 Be7 49. Nc2 f5 50. Ne3 Bxh4 51. Nxd5 Rd6 52. Nb4 Bg5+ 53. f4 Bf6 54. Nd3
Bxd4 55. Bxd4 Rxd4 56. Kc3 Rd6 57. Ne5+ Kg7 58. Ra1 Ra6 59. Kb4 h4 60. Rxa4
Rxa4+ 61. Kxa4 Bh5 62. Nd3 h3 63. Nf2 h2 64. b4 Bf3 65. b5 h1=Q 66. Nxh1 Bxh1
67. Ka5 Kg6 68. Kb6 Kh5 69. Kc5 Kg4 70. b6 Kxf4 71. Kd4 Bb7 72. Kc5 Ke5 73. Kc4
f4 74. Kd3 Kd6 75. Kd4 f3 76. Ke3 Kc5 77. Kf2 Kxb6 78. Ke3 Kc7 79. Kf2 Kd6 80.
Ke3 Ke5 81. Kf2 Kf4 82. Ke1 Ke3 83. Kf1 Ba6+ 84. Kg1 f2+ 85. Kh2 f1=Q 86. Kg3
Qg1+ 0-1

[Event "Titled Tue 10th Jun Late"]
[Site "chess.com INT"]
[Date "2025.06.10"]
[Round "11"]
[White "Bustelo, Tabare"]
[Black "Kjaergaard-Jensen, Jesper"]
[Result "0-1"]
[WhiteTitle "CM"]
[BlackTitle "CM"]
[WhiteElo "2043"]
[BlackElo "2081"]
[WhiteFideId "3000362"]
[BlackFideId "1406990"]
[EventDate "2025.06.10"]

1. d4 Nf6 2. Bg5 d6 3. Bxf6 gxf6 4. e3 c5 5. c3 Nc6 6. Bd3 f5 7. Ne2 e6 8. Nd2
d5 9. Nf4 c4 10. Bc2 Rg8 11. g3 Bd6 12. h4 b5 13. Qh5 Qf6 14. Nf3 Bxf4 15. exf4
Qg6 16. Qg5 f6 17. Qxg6+ hxg6 18. h5 g5 19. fxg5 fxg5 20. h6 g4 21. Nh4 Kf7 22.
Ng2 Rh8 23. O-O-O Bd7 24. Rde1 Rh7 25. Nf4 Rah8 26. Ng2 Rxh6 27. Nh4 a5 28. Re2
Ne7 29. Rhe1 Rf6 30. b3 f4 31. bxc4 bxc4 32. Kd2 Rxh4 33. gxh4 Rh6 34. Rb1 Rxh4
35. Rb7 Ke8 36. Ra7 g3 37. fxg3 fxg3 38. Ke3 e5 39. dxe5 Rh2 40. Rxa5 g2 41.
Ra8+ Bc8 42. Ba4+ Kf7 43. Rf2+ Kg7 44. Ra7 g1=Q 45. Rxe7+ Kg6 46. Be8+ Kh6 47.
Rf7 Bg4 48. Rf6+ Kg5 49. e6 Qc1+ 50. Kd4 Rxf2 51. Rxf2 Qd1+ 52. Kc5 d4 53. e7
dxc3 54. Bc6 Qg1 55. e8=Q Qxf2+ 56. Kxc4 c2 57. Qg8+ Kf4 58. Qb8+ Ke3 59. Qa7+
Ke2 60. Bb5 c1=Q+ 61. Kb3+ Ke1 62. Qa5+ Qcd2 63. Qxd2+ Qxd2 64. a4 Qd5+ 65. Kb4
Qb7 66. Ka5 Bd7 67. Kb4 Bxb5 68. axb5 Kd2 69. Ka5 Ke3 70. b6 Kd4 71. Kb5 Kd5 72.
Ka5 Kc6 73. Ka4 Qxb6 0-1

[Event "Titled Tue 10th Jun Late"]
[Site "chess.com INT"]
[Date "2025.06.10"]
[Round "11"]
[White "Wu, Rochelle"]
[Black "Olund, Joar"]
[Result "1/2-1/2"]
[WhiteTitle "FM"]
[BlackTitle "FM"]
[WhiteElo "2211"]
[BlackElo "2369"]
[WhiteFideId "30908132"]
[BlackFideId "1714848"]
[EventDate "2025.06.10"]

1. Nf3 d5 2. d4 Nf6 3. c4 dxc4 4. e3 e6 5. Bxc4 c5 6. O-O a6 7. Nc3 b5 8. Bd3
Bb7 9. dxc5 Bxc5 10. Qe2 Nbd7 11. Rd1 Qb6 12. b3 Rc8 13. Bb2 O-O 14. Ng5 Ne5 15.
Bxh7+ Nxh7 16. Nxh7 Qc6 17. e4 Rfd8 18. Ng5 Be7 19. Qh5 Bxg5 20. Qxg5 f6 21. Qe3
b4 22. Na4 Qxe4 23. Qxe4 Bxe4 24. Bxe5 fxe5 25. f3 Bd3 26. Rd2 Bb5 27. Rxd8+
Rxd8 28. Nc5 Kf7 29. Ne4 Bc6 30. Re1 Bxe4 31. Rxe4 Rd2 32. Rxb4 Rxa2 33. h4 a5
34. Rb5 a4 35. bxa4 Rxa4 36. Rxe5 Rxh4 37. Kf2 Ra4 38. g4 Kf6 39. Rc5 g5 40. Kg3
Rb4 41. Ra5 Rc4 42. Rb5 Ra4 43. Rc5 Rd4 44. Rb5 Ra4 45. Rb8 Ra1 46. Rf8+ Kg7 47.
Re8 Kf7 48. Rb8 Rg1+ 49. Kf2 Ra1 50. Kg3 Rg1+ 51. Kf2 Rc1 52. Kg3 Kf6 53. Rb6
Ke5 54. Rb5+ Kf6 55. Rb6 Rc5 56. Ra6 Ke5 57. Ra4 Rd5 58. Re4+ Kf6 59. Ra4 Rd6
60. Re4 Rd5 61. Ra4 Rb5 62. Rc4 Ke5 63. Re4+ Kd5 64. Re1 e5 65. Rd1+ Ke6 66. Rd8
Rd5 67. Re8+ Kf7 68. Ra8 Rd3 69. Ra7+ Kf6 70. Ra6+ Ke7 71. Ra5 Ke6 72. Ra6+ Kd5
73. Ra5+ Kd4 74. Ra4+ Kd5 75. Ra5+ Ke6 76. Ra6+ Rd6 77. Ra4 Kf6 78. Ra5 Re6 79.
Ra4 Rc6 80. Ra8 Rc3 81. Rf8+ Ke7 82. Rf5 Ke6 83. Rxg5 e4 84. Rf5 exf3 85. Rxf3
Rxf3+ 86. Kxf3 Kf6 87. Kf4 Kg6 88. g5 Kg7 89. Kf5 Kf7 90. g6+ Kg7 91. Kg5 Kg8
92. Kh6 Kh8 93. g7+ Kg8 94. Kg6 1/2-1/2

[Event "Titled Tue 10th Jun Late"]
[Site "chess.com INT"]
[Date "2025.06.10"]
[Round "11"]
[White "Alvarado, Carlos"]
[Black "Vifleemskaia, Svetlana"]
[Result "1-0"]
[WhiteTitle "CM"]
[BlackTitle "WFM"]
[WhiteElo "2032"]
[BlackElo "1942"]
[WhiteFideId "3800555"]
[BlackFideId "4129490"]
[EventDate "2025.06.10"]

1. Nf3 Nf6 2. d4 d5 3. c4 dxc4 4. Nc3 a6 5. a4 Nc6 6. e4 Na5 7. h3 e6 8. g3 Bb4
9. Qc2 Nb3 10. Rb1 Nxd4 11. Nxd4 Qxd4 12. Bg2 Qd3 13. Qxd3 cxd3 14. Kd2 e5 15.
Kxd3 O-O 16. Bg5 Bxc3 17. Kxc3 Nd7 18. b4 b6 19. Rhd1 h6 20. Be3 Nf6 21. f3 Be6
22. Rbc1 Rfc8 23. Kb2 Rab8 24. Bf1 Ra8 25. g4 Nd7 26. Bc4 Bxc4 27. Rxd7 b5 28.
Re7 Be2 29. f4 exf4 30. Bxf4 Bc4 31. Bxc7 Re8 32. Rxe8+ Rxe8 33. e5 Rc8 34. Bd6
bxa4 35. Ka3 Rc6 36. h4 Bb5 37. Bc5 h5 38. g5 Kh7 39. Rd1 Kg6 40. Rd4 Rc8 41.
Rf4 Rd8 42. Bd6 Rc8 43. Bc5 Rd8 44. Bd4 Rd5 45. Kb2 Rd7 46. Kc3 Rc7+ 47. Bc5 Rd7
48. Bd6 Rd8 49. Kd4 Rc8 50. Rf3 Rc4+ 51. Ke3 Rxh4 52. Rf2 Rg4 53. Be7 h4 54. Kf3
Rg3+ 55. Kf4 Rb3 56. Rc2 h3 57. Kg4 a3 58. Ra2 Rd3 59. Bc5 Bc4 60. Ra1 a2 61.
Kh4 Rb3 62. Rxa2 Rxb4 63. Ra5 Rb3 64. Ra4 Bb5 65. Rd4 Rc3 66. Rd6+ Kf5 67. Bg1
Rc4+ 68. Kxh3 Kxe5 69. Bh2+ Kf5 70. Rd5+ Ke6 71. Rd6+ Kf5 72. Rd5+ Kg6 73. Bg3
Rc3 74. Kh4 Rc4+ 75. Kh3 f6 76. gxf6 gxf6 77. Rd6 Re4 78. Kg2 Re2+ 79. Kf3 Rc2
80. Be5 Kf5 81. Bxf6 1-0

[Event "Titled Tue 10th Jun Late"]
[Site "chess.com INT"]
[Date "2025.06.10"]
[Round "11"]
[White "Marchand, Calix"]
[Black "Bogaudinov, Rushan"]
[Result "0-1"]
[BlackTitle "FM"]
[WhiteElo "2108"]
[BlackElo "1912"]
[WhiteFideId "2640856"]
[BlackFideId "4129288"]
[EventDate "2025.06.10"]

1. b3 g6 2. Bb2 Nf6 3. Nf3 Bg7 4. g3 b6 5. Bg2 Bb7 6. O-O O-O 7. d3 d5 8. Nbd2
e6 9. Re1 c5 10. e4 Nc6 11. Qe2 a5 12. a4 Nb4 13. Rec1 dxe4 14. dxe4 Ba6 15. Nc4
Qc7 16. Be5 Qa7 17. c3 Nc6 18. Bd6 Rfd8 19. e5 Nd5 20. Qe4 Bb7 21. h4 h5 22. Qe2
Nce7 23. Ng5 Nf5 24. Ra2 Nxd6 25. Nxd6 Rxd6 26. exd6 Nxc3 27. Rxc3 Bxg2 28. Rd3
Bd5 29. Rc2 Qd7 30. Nh3 Bh6 31. Qe5 Rd8 32. Nf4 Qxd6 33. Qxd6 Rxd6 34. Nxd5 exd5
35. Re2 Kf8 36. f4 Bg7 37. Kg2 Bd4 38. Kf3 Re6 39. f5 Rxe2 40. Kxe2 gxf5 41. Kf3
Ke7 42. Kf4 Kf6 43. Rd1 Be5+ 44. Kf3 d4 45. Rg1 Ke6 46. Ke2 Kd5 47. Kd3 f6 48.
Rf1 Ke6 49. Rf3 Bd6 50. Kc4 Ke5 51. Rf4 Bc7 52. Kb5 Ke6 53. Rf3 Kd5 54. Rxf5+
Ke4 55. Rxh5 d3 56. Kc4 Be5 57. Rh8 d2 58. Rd8 Bd4 59. Re8+ Kf3 60. h5 d1=Q 61.
h6 Qc2+ 62. Kb5 Qxb3+ 63. Kc6 Qxa4+ 64. Kd6 Qxe8 65. h7 Be5+ 66. Kd5 Qh8 67. g4
Kxg4 68. Ke6 Bf4 69. Kd5 c4 70. Kxc4 b5+ 71. Kc5 Qxh7 72. Kb6 Kf5 73. Ka6 Qe7
74. Kb6 Kg6 75. Ka6 Bg5 76. Kb6 f5 77. Ka6 a4 78. Kb6 b4 79. Kb5 a3 80. Ka4 b3
81. Kxb3 Qe6+ 82. Ka4 f4 83. Kb4 f3 84. Kc3 f2 85. Kc2 a2 0-1

[Event "Titled Tue 10th Jun Late"]
[Site "chess.com INT"]
[Date "2025.06.10"]
[Round "11"]
[White "Ersoz, Teoman Guney"]
[Black "Mekhitarian, Krikor Sevag"]
[Result "0-1"]
[WhiteTitle "CM"]
[BlackTitle "GM"]
[WhiteElo "2052"]
[BlackElo "2564"]
[WhiteFideId "44537050"]
[BlackFideId "2107660"]
[EventDate "2025.06.10"]

1. e4 c5 2. Nf3 Nc6 3. Bb5 Nf6 4. Nc3 Qc7 5. O-O Nd4 6. Re1 a6 7. Bf1 Ng4 8. g3
Nxf3+ 9. Qxf3 Ne5 10. Qf4 e6 11. Bg2 Be7 12. d3 O-O 13. Bd2 d6 14. Qe3 b5 15. f4
Nc6 16. Ne2 Bb7 17. c3 Rac8 18. Rac1 Qb6 19. d4 cxd4 20. Nxd4 Na5 21. b3 Rc7 22.
Kf1 Rfc8 23. Nf5 Qxe3 24. Nxe7+ Rxe7 25. Bxe3 Rd7 26. Bb6 Nc6 27. Red1 Ne7 28.
Kf2 d5 29. Rd3 Rd6 30. Be3 h6 31. Rcd1 Rd7 32. exd5 Bxd5 33. Bd4 Bxg2 34. Kxg2
Nf5 35. Bf2 Rxd3 36. Rxd3 Ne7 37. Kf3 Nd5 38. Bd4 Kf8 39. g4 f6 40. h3 Kf7 41.
Ke4 Rc6 42. f5 Ne7 43. fxe6+ Kxe6 44. Be3 Nc8 45. Bd2 Nd6+ 46. Kf4 Nf7 47. Re3+
Ne5 48. Ke4 Rd6 49. Re2 Rd3 50. c4 bxc4 51. bxc4 Rxh3 52. Bf4 Rc3 53. Kd4 Rxc4+
54. Ke3 Nxg4+ 55. Kf3+ Kf5 56. Bd2 Ne5+ 57. Kg3 Rc2 58. Rf2+ Ke6 59. Re2 a5 60.
a4 Ra2 61. Kf2 Kf7 62. Bxa5 Rxa4 63. Bd8 Rf4+ 64. Kg3 Rc4 65. Kh3 Rc3+ 66. Kg2
Rc8 67. Bb6 g5 68. Bd4 Re8 69. Rf2 Kg6 70. Be3 Ng4 71. Ra2 Nxe3+ 72. Kf3 Nf5 73.
Ra7 Re3+ 74. Kg2 Rd3 75. Rb7 Rd4 76. Ra7 h5 77. Kf2 g4 78. Kg2 Kg5 79. Rf7 h4
80. Kf2 h3 81. Ke2 h2 82. Rh7 Nh4 83. Rg7+ Kf4 84. Ra7 h1=Q 85. Ra2 Qg2+ 86. Ke1
Qxa2 87. Kf1 Rd1# 0-1

[Event "Titled Tue 10th Jun Late"]
[Site "chess.com INT"]
[Date "2025.06.10"]
[Round "11"]
[White "Arabidze, Meri"]
[Black "Salinas Herrera, Pablo"]
[Result "0-1"]
[WhiteTitle "IM"]
[BlackTitle "GM"]
[WhiteElo "2440"]
[BlackElo "2447"]
[WhiteFideId "13604040"]
[BlackFideId "3407128"]
[EventDate "2025.06.10"]

1. Nf3 d5 2. c4 e6 3. d4 Nf6 4. Nc3 h6 5. cxd5 exd5 6. Bf4 Bd6 7. Ne5 Kf8 8. e3
c6 9. Bd3 Be6 10. Bg3 Na6 11. O-O Nc7 12. f4 Nce8 13. f5 Bc8 14. Kh1 Kg8 15. Qf3
Qe7 16. Rae1 Bb4 17. Re2 Nd6 18. Bh4 Qf8 19. Bxf6 gxf6 20. Ng4 Qg7 21. Qg3 h5
22. Nxf6+ Kf8 23. Qe5 Rh6 24. a3 Bxa3 25. bxa3 Qxf6 26. Qf4 Bd7 27. Na4 Re8 28.
Nc5 Bc8 29. a4 h4 30. Ne6+ Ke7 31. Ng5 Rg8 32. Nh3 Kd8 33. e4 dxe4 34. Bxe4 Re8
35. Rfe1 Rhh8 36. Bd3 Rxe2 37. Rxe2 Re8 38. Re5 Bd7 39. Ng5 Rg8 40. Nf3 Rh8 41.
h3 Rh5 42. d5 c5 43. a5 b5 44. axb6 axb6 45. Nh2 Qg5 46. Qxg5+ Rxg5 47. Nf3 Rh5
48. Kh2 c4 49. Be2 Rxf5 50. Rxf5 Bxf5 51. Nxh4 Bh7 52. Nf3 b5 53. Nd4 Kc7 54.
Nxb5+ Nxb5 55. Bxc4 Nd6 56. Be2 Kd7 57. Kg3 Ke7 58. Kf4 Kf6 59. g4 Ke7 60. h4 f6
61. Bf3 Nc4 62. g5 Nd6 63. gxf6+ Kxf6 64. h5 Bg8 65. Bg4 Bxd5 66. Bf3 Bf7 67. h6
Bg6 68. h7 Bxh7 69. Bd5 Bg6 70. Bf3 Be8 71. Bd5 Nb5 72. Bc4 Nd4 73. Bd5 Ne2+ 74.
Ke3 Ng3 75. Bf3 Ke5 76. Bd1 Bb5 77. Bb3 Nf5+ 78. Kd2 Kd4 79. Be6 Ng3 80. Bf7 Bd3
81. Bg8 Ne4+ 82. Ke1 Nc3 83. Kf2 Bf5 84. Bf7 Ne4+ 85. Kg2 Ng5 86. Bg8 Ke3 87.
Ba2 Bg4 88. Bg8 Kf4 89. Kf2 Ne4+ 90. Ke1 Ke3 91. Bd5 Nf2 92. Bc6 Be2 0-1

[Event "Titled Tue 10th Jun Late"]
[Site "chess.com INT"]
[Date "2025.06.10"]
[Round "11"]
[White "Tristan, Leonardo"]
[Black "Tahbaz, Arash"]
[Result "1-0"]
[WhiteTitle "GM"]
[BlackTitle "IM"]
[WhiteElo "2536"]
[BlackElo "2462"]
[WhiteFideId "113816"]
[BlackFideId "12528846"]
[EventDate "2025.06.10"]

1. d4 Nf6 2. Nf3 g6 3. Bf4 Bg7 4. e3 O-O 5. Be2 d6 6. O-O c5 7. c3 Qb6 8. Nbd2
Be6 9. e4 cxd4 10. Nxd4 Qxb2 11. Nxe6 fxe6 12. Rb1 Qxc3 13. Rxb7 Nc6 14. Qa4
Rab8 15. Rb3 Rxb3 16. Nxb3 Ne5 17. Bd2 Qc7 18. Rc1 Qb7 19. f3 Qb6+ 20. Kh1 d5
21. Bc3 Nh5 22. Bd4 Qd6 23. Bc5 Qb8 24. Qxa7 Qxa7 25. Bxa7 Nf4 26. Bf1 Ned3 27.
Rd1 Nb2 28. Rb1 Na4 29. Re1 Ra8 30. Be3 Nh5 31. Bb5 Nc3 32. Bc6 Rxa2 33. exd5
exd5 34. Bg1 Kf7 35. Nd4 Nf4 36. g3 Nd3 37. Rf1 Ne2 38. Bxd5+ Kf8 39. Bxa2 Nxd4
40. Bxd4 Bxd4 41. Kg2 Bf6 42. Bb1 Ne5 43. Be4 Nc4 44. Re1 Nd6 45. Bc6 Kf7 46. f4
h6 47. Bd5+ Kg7 48. Kf3 h5 49. h3 Nf5 50. Rb1 g5 51. fxg5 Bxg5 52. Rb7 Nd6 53.
Ra7 Bf6 54. Ra6 Kg6 55. Ra8 Kg7 56. g4 hxg4+ 57. Kxg4 Kh7 58. h4 Kg7 59. h5 Kh7
60. Be6 Kg7 61. Bb3 Kh7 62. Bc2+ Kg7 63. Ra3 Nf7 64. Rh3 Ne5+ 65. Kf5 Kh6 66.
Rh1 Nf7 67. Ke6 Ng5+ 68. Kf5 Nf3 69. Bd1 Nd4+ 70. Ke4 Ne6 71. Rg1 Ng5+ 72. Kf5
Kh7 73. Be2 Kg7 74. Kg4 Kh6 75. Rh1 Ne6 76. Bd1 Nd4 77. Rf1 Nc6 78. Kf5 Nd4+ 79.
Ke4 Ne6 80. Rg1 Ng5+ 81. Kf5 Kh7 82. Bb3 Kh6 83. Ba2 Kh7 84. Bb1 Kh6 85. Kf4 Bd4
86. Rd1 Kxh5 87. Rh1+ Nh3+ 88. Rxh3# 1-0

[Event "Titled Tue 10th Jun Late"]
[Site "chess.com INT"]
[Date "2025.06.10"]
[Round "11"]
[White "Klys, Kacper"]
[Black "Hadzovic, Amir"]
[Result "1-0"]
[BlackTitle "FM"]
[WhiteElo "2218"]
[BlackElo "2354"]
[WhiteFideId "21005281"]
[BlackFideId "14402300"]
[EventDate "2025.06.10"]

1. d4 d6 2. e4 Nc6 3. Nf3 g6 4. d5 Nb8 5. Nc3 Bg7 6. Be3 Bg4 7. h3 Bxf3 8. Qxf3
Nf6 9. Bd3 O-O 10. O-O-O Nbd7 11. g4 Ne5 12. Qg3 Nxd3+ 13. cxd3 c6 14. dxc6 bxc6
15. Rd2 Rb8 16. Rc2 Qa5 17. Bd2 Qa6 18. h4 d5 19. h5 d4 20. Nb1 Qxa2 21. hxg6
fxg6 22. Bh6 Qe6 23. f3 Nd5 24. Bxg7 Nb4 25. Bxd4 Nxd3+ 26. Kd2 c5 27. Bc3 Rbd8
28. Ke3 Nf4 29. Rd2 Qc4 30. Re1 Rd3+ 31. Kf2 Rxf3+ 32. Qxf3 Nh3+ 33. Kg3 Rxf3+
34. Kxf3 Ng5+ 35. Kg3 Nxe4+ 36. Rxe4 Qxe4 37. Na3 h5 38. gxh5 gxh5 39. Rg2 Kf7
40. Nc2 h4+ 41. Kh3 Qf3+ 42. Kh2 h3 43. Rd2 Ke8 44. Ne1 Qg4 45. Rf2 Qe6 46. Nf3
Qg4 47. Be5 Qe4 48. Bg3 a5 49. Kxh3 a4 50. Kg2 c4 51. Kf1 Qb1+ 52. Kg2 c3 53.
bxc3 a3 54. Be5 a2 55. c4 a1=Q 56. Bxa1 Qxa1 57. Re2 Qg7+ 58. Kf2 Qc3 59. Ne5
Kd8 60. Re3 Qb2+ 61. Re2 Qd4+ 62. Kf3 Kc7 63. Re4 Qc3+ 64. Re3 Qa1 65. Re2 Kd6
66. Re3 Qf1+ 67. Ke4 e6 68. Nd3 Qf5+ 69. Kd4 Qf6+ 70. Ke4 Qg6+ 71. Kd4 Qg7+ 72.
Ke4 Kc6 73. Ne5+ Kc5 74. Nd3+ Kxc4 75. Ne5+ Kc5 76. Rc3+ Kb5 77. Rb3+ Ka4 78.
Re3 Qh7+ 79. Kd4 Qf5 80. Re4 Qf2+ 81. Re3 Qb2+ 82. Ke4 Kb5 83. Nd3 Qb1 84. Kd4
Kc6 85. Rxe6+ Kd7 86. Re5 Qa1+ 87. Ke4 Qh1+ 88. Kd4 Qg1+ 89. Ke4 Qg8 90. Rd5+
Kc6 91. Ne5+ Kb6 92. Rd6+ Kc7 93. Rd7+ Kb6 94. Rf7 Kb5 95. Rf6 Qg2+ 96. Rf3 Qc2+
97. Kf4 Kc5 98. Nd3+ Kd6 99. Nf2 1-0